000 00365pam a2200157a 44500
008 230515b1999 xxu||||| |||| 00| 0 eng d
020 _a0
041 _aENGL
082 _a617.966/BEN
100 _aBENNTT
245 _aLOCAL ANESTHESIA & PAIN CONTROL IN DENTAL PRACTICE
250 _a7TH
260 _aDELHI
_bCBS PUB
_c1999
300 _a404
650 _aN.D.
999 _c557777
_d557777